[Event "CRO Cup"]
[Site "Rabac"]
[Date "2004.05.23"]
[Round "4.5"]
[White "Covic, Darko"]
[Black "Doric, Darko"]
[Result "1/2-1/2"]
[WhiteElo "2343"]
[BlackElo "2307"]
[PlyCount "35"]
[EventDate "2004.05.20"]
[EventType "swiss"]
[EventRounds "9"]
[EventCountry "CRO"]
[SourceTitle "CBM 100 Extra"]
[Source "ChessBase"]
[SourceDate "2004.07.06"]
[SourceVersion "2"]
[SourceVersionDate "2004.07.06"]
[SourceQuality "1"]

1. d4 Nf6 2. c4 d6 3. Nf3 Nbd7 4. Nc3 c6 5. g3 e5 6. e4 Be7 7. Bg2 0-0 8. 0-0 Re8 9. Re1 a6 10. h3 Qc7 11. b3 b6 12. Bb2 Bb7 13. Rc1 Rac8 14. d5 cxd5 15. Nxd5 Nxd5 16. cxd5 Qb8 17. Re2 Rxc1 18. Bxc1 1/2-1/2

[Event "CRO Cup"]
[Site "Rabac"]
[Date "2004.05.22"]
[Round "2.5"]
[White "Bukal, Vladimir Sr"]
[Black "Covic, Darko"]
[Result "1/2-1/2"]
[WhiteElo "2399"]
[BlackElo "2343"]
[PlyCount "78"]
[EventDate "2004.05.20"]
[EventType "swiss"]
[EventRounds "9"]
[EventCountry "CRO"]
[SourceTitle "CBM 100 Extra"]
[Source "ChessBase"]
[SourceDate "2004.07.06"]
[SourceVersion "2"]
[SourceVersionDate "2004.07.06"]
[SourceQuality "1"]

1. c4 Nf6 2. Nc3 e6 3. d4 c5 4. d5 exd5 5. cxd5 d6 6. e4 g6 7. Nf3 Bg7 8. Be2 0-0 9. Nd2 b6 10. 0-0 Na6 11. Nc4 Nc7 12. a4 Ba6 13. Bg5 Qd7 14. f3 Bxc4 15. Bxc4 a6 16. Qd3 Nfe8 17. f4 Rb8 18. Bxa6 Nxa6 19. Qxa6 Nc7 20. Qd3 b5 21. axb5 Nxb5 22. e5 Nxc3 23. bxc3 dxe5 24. fxe5 Bxe5 25. Rae1 f6 26. Rxe5 fxe5 27. Rxf8+ Rxf8 28. d6 Qf7 29. h3 c4 30. Qe4 Qe6 31. Qb7 Qxd6 32. Bh6 Qf6 33. Bxf8 Qxf8 34. Qd5+ Qf7 35. Qxe5 h6 36. Qe3 Kh7 37. Qf2 Qd7 38. Qf6 h5 39. Qe5 Qd3 1/2-1/2

[Event "BIH-chT 2nd"]
[Site "Jahorina"]
[Date "2003.06.22"]
[Round "2"]
[White "Covic, Darko"]
[Black "Goric, Esad"]
[Result "0-1"]
[WhiteElo "2352"]
[BlackElo "2329"]
[PlyCount "118"]
[EventDate "2003.06.21"]
[EventType "team-tourn"]
[EventRounds "9"]
[EventCountry "BIH"]
[SourceTitle "EXT 2019"]
[Source "ChessBase"]
[SourceDate "2018.10.10"]
[SourceVersion "1"]
[SourceVersionDate "2018.10.10"]
[SourceQuality "1"]
[WhiteTeam "Bugojno Napredak"]
[BlackTeam "Bihac"]
[WhiteTeamCountry "BIH"]
[BlackTeamCountry "BIH"]

1. d4 Nf6 2. c4 d6 3. Nf3 Nbd7 4. Nc3 e5 5. g3 Be7 6. Bg2 0-0 7. 0-0 c6 8. e4 Re8 9. Re1 Qc7 10. b3 Nf8 11. h3 Ng6 12. Be3 Bd7 13. Rc1 Rad8 14. Qc2 h5 15. Bg5 Qc8 16. dxe5 dxe5 17. Kh2 Nh7 18. Bxe7 Rxe7 19. Nd1 Ngf8 20. Ne3 g6 21. Qb2 Rde8 22. c5 Qc7 23. Nc4 f6 24. Nd6 Rb8 25. Qd2 Kg7 26. Nh4 Ng5 27. f4 Nf7 28. f5 g5 29. Nf3 Nh7 30. Nxf7 Rxf7 31. Qe2 Be8 32. Nd2 b5 33. cxb6 axb6 34. Qxh5 Rd7 35. Qe2 Rbd8 36. Nf1 Rd4 37. Bf3 Qa7 38. Rc2 Qa5 39. Qf2 g4 40. Bxg4 Ng5 41. Rce2 Qb4 42. Qg2 c5 43. h4 Nf7 44. Bf3 Bb5 45. g4 Bxe2 46. Rxe2 Rh8 47. Kg3 Qc3 48. Re3 Qc1 49. Qe2 Rhd8 50. Bg2 Rd3 51. Qxd3 Rxd3 52. Rxd3 b5 53. Kh3 c4 54. bxc4 bxc4 55. Rd7 c3 56. Ng3 c2 57. Nh5+ Kf8 58. Nxf6 Qe3+ 59. Kh2 c1Q 0-1

[Event "BIH-chT 2nd"]
[Site "Jahorina"]
[Date "2003.06.21"]
[Round "1"]
[White "Covic, Darko"]
[Black "Burovic, Ismet"]
[Result "1-0"]
[WhiteElo "2352"]
[BlackElo "2368"]
[PlyCount "101"]
[EventDate "2003.06.21"]
[EventType "team-tourn"]
[EventRounds "9"]
[EventCountry "BIH"]
[SourceTitle "EXT 2019"]
[Source "ChessBase"]
[SourceDate "2018.10.10"]
[SourceVersion "1"]
[SourceVersionDate "2018.10.10"]
[SourceQuality "1"]
[WhiteTeam "Bugojno Napredak"]
[BlackTeam "Sarajevo Sarajevski SK"]
[WhiteTeamCountry "BIH"]
[BlackTeamCountry "BIH"]

1. d4 g6 2. c4 Bg7 3. Nc3 d6 4. Nf3 Nf6 5. g3 0-0 6. Bg2 Nc6 7. d5 Na5 8. b3 c6 9. Bb2 cxd5 10. cxd5 Bd7 11. Nd2 Rc8 12. Rb1 b5 13. a3 Qb6 14. 0-0 Bf5 15. e4 Bg4 16. Nf3 Nd7 17. Ne2 Bxb2 18. Rxb2 b4 19. a4 Ne5 20. Nfd4 Rc3 21. h3 Rd3 22. Qb1 Bc8 23. Rd1 Ba6 24. Rbd2 Rxd2 25. Rxd2 Rc8 26. Bf1 Bxe2 27. Bxe2 Rc3 28. Kg2 Nd7 29. Bd1 Qc7 30. Bc2 a6 31. Qd1 Nc5 32. Qb1 e5 33. dxe6 fxe6 34. Qd1 Qb7 35. Qg4 Qf7 36. Qd1 e5 37. Nf3 Nab7 38. Rd5 Ne6 39. Nxe5 dxe5 40. Rd7 Nd4 41. Rxf7 Kxf7 42. Bd3 Nc5 43. Bc4+ Rxc4 44. bxc4 b3 45. f4 b2 46. fxe5 Nxe4 47. Qb1 Nc5 48. Qxb2 Nce6 49. a5 Kg7 50. Qb6 g5 51. Qxa6 1-0

[Event "CRO-chT"]
[Site "Pula"]
[Date "1999.09.15"]
[Round "6"]
[White "Covic, Darko"]
[Black "Medak, Bojan"]
[Result "1/2-1/2"]
[WhiteElo "2365"]
[BlackElo "2208"]
[PlyCount "26"]
[EventDate "1999.09.05"]
[EventType "team"]
[EventRounds "9"]
[EventCountry "CRO"]
[SourceTitle "EXT 2000"]
[Source "ChessBase"]
[SourceDate "1999.11.16"]
[SourceVersion "1"]
[SourceVersionDate "1999.11.16"]
[SourceQuality "1"]

1. d4 d6 2. c4 e5 3. Nf3 e4 4. Nfd2 f5 5. e3 Nf6 6. Nc3 c6 7. b4 d5 8. Qb3 Be7 9. a4 0-0 10. Ba3 Be6 11. b5 Bxa3 12. Qxa3 f4 13. exf4 Ng4 1/2-1/2

[Event "CRO-chT"]
[Site "Pula"]
[Date "1999.09.11"]
[Round "3"]
[White "Kristovic, Marijan"]
[Black "Covic, Darko"]
[Result "1-0"]
[WhiteElo "2315"]
[BlackElo "2365"]
[PlyCount "65"]
[EventDate "1999.09.05"]
[EventType "team"]
[EventRounds "9"]
[EventCountry "CRO"]
[SourceTitle "EXT 2000"]
[Source "ChessBase"]
[SourceDate "1999.11.16"]
[SourceVersion "1"]
[SourceVersionDate "1999.11.16"]
[SourceQuality "1"]

1. e4 c5 2. Nf3 e6 3. Nc3 a6 4. a4 Nc6 5. d4 cxd4 6. Nxd4 Qc7 7. Nxc6 bxc6 8. Bd3 Nf6 9. 0-0 d5 10. Qe2 Bb4 11. Bd2 0-0 12. e5 Bxc3 13. Bxc3 Nd7 14. Ra3 g6 15. b4 a5 16. bxa5 f6 17. Qg4 Nxe5 18. Qg3 c5 19. Bxg6 hxg6 20. Bxe5 fxe5 21. Qxg6+ Qg7 22. Qh5 Rf5 23. Qe8+ Rf8 24. Qh5 Rf5 25. Qe8+ Rf8 26. Qc6 Qa7 27. Qd6 Rf5 28. Qd8+ Kf7 29. Rh3 Bd7 30. Rh7+ Kg6 31. Qh4 Rg5 32. Qh6+ Kf5 33. Rf7+ 1-0

[Event "CRO-chT"]
[Site "Pula"]
[Date "1999.09.10"]
[Round "2"]
[White "Covic, Darko"]
[Black "Martic, Zlatko"]
[Result "1-0"]
[WhiteElo "2365"]
[BlackElo "2302"]
[PlyCount "65"]
[EventDate "1999.09.05"]
[EventType "team"]
[EventRounds "9"]
[EventCountry "CRO"]
[SourceTitle "EXT 2000"]
[Source "ChessBase"]
[SourceDate "1999.11.16"]
[SourceVersion "1"]
[SourceVersionDate "1999.11.16"]
[SourceQuality "1"]

1. d4 Nf6 2. Nf3 e6 3. c4 b6 4. Nc3 Bb7 5. e3 Bb4 6. Bd2 Bxc3 7. Bxc3 Ne4 8. Nd2 Nxc3 9. bxc3 0-0 10. e4 d6 11. Bd3 c5 12. d5 Qf6 13. Qc2 Nd7 14. 0-0 Ne5 15. f4 Nxd3 16. Qxd3 e5 17. f5 Bc8 18. Rf3 Bd7 19. Nf1 Rfb8 20. a4 a6 21. Ne3 Ra7 22. Rh3 Rab7 23. Qe2 b5 24. axb5 axb5 25. Qh5 h6 26. Rg3 Kf8 27. cxb5 Rxb5 28. h4 Qd8 29. Ng4 f6 30. Qg6 Rb1+ 31. Rxb1 Rxb1+ 32. Kh2 Qe8 33. Nxf6 1-0

[Event "CRO-chT3"]
[Site "Zadar"]
[Date "1999.??.??"]
[Round "4"]
[White "Covic, Darko"]
[Black "Grbac, Boris"]
[Result "1/2-1/2"]
[WhiteElo "2360"]
[BlackElo "2215"]
[PlyCount "39"]
[EventDate "1999.??.??"]
[EventType "team"]
[EventRounds "7"]
[EventCountry "CRO"]
[SourceTitle "EXT 2000"]
[Source "ChessBase"]
[SourceDate "1999.11.16"]
[SourceVersion "1"]
[SourceVersionDate "1999.11.16"]
[SourceQuality "1"]

1. d4 Nf6 2. c4 g6 3. g3 Bg7 4. Bg2 0-0 5. Nc3 d6 6. Nf3 Nbd7 7. 0-0 e5 8. e4 Re8 9. Be3 exd4 10. Nxd4 Nc5 11. f3 c6 12. Qd2 a5 13. Rad1 Qe7 14. Nc2 Bf8 15. Bh6 Bxh6 16. Qxh6 Be6 17. Ne3 Rad8 18. Bh3 a4 19. Rf2 Nfd7 20. Bxe6 1/2-1/2

[Event "Pula tt2"]
[Site "Pula"]
[Date "1990.??.??"]
[Round "6"]
[White "Covic, Darko"]
[Black "Popov, Stevan"]
[Result "1/2-1/2"]
[WhiteElo "2375"]
[BlackElo "2345"]
[PlyCount "80"]
[EventDate "1990.??.??"]
[EventType "team"]
[EventRounds "11"]
[EventCountry "YUG"]
[SourceTitle "EXT 2000"]
[Source "ChessBase"]
[SourceDate "1999.11.16"]
[SourceVersion "1"]
[SourceVersionDate "1999.11.16"]
[SourceQuality "1"]

1. d4 Nf6 2. c4 e6 3. g3 d5 4. Bg2 Be7 5. Nf3 0-0 6. 0-0 c6 7. Nc3 Nbd7 8. b3 b6 9. Bb2 Bb7 10. Qc2 Rc8 11. e4 dxe4 12. Nxe4 Qc7 13. Rad1 Rfd8 14. Rfe1 Nxe4 15. Qxe4 Bf6 16. Rd2 c5 17. Qe2 cxd4 18. Nxd4 Bxg2 19. Kxg2 Qb7+ 20. f3 Nc5 21. Red1 Bg5 22. Rc2 Bf6 23. Nb5 Bxb2 24. Rxb2 Rxd1 25. Qxd1 Qb8 26. Rd2 h6 27. Nd6 Rd8 28. b4 Nb7 29. Nxb7 Rxd2+ 30. Qxd2 Qxb7 31. Qd8+ Kh7 32. Qd3+ Kg8 33. Qd8+ Kh7 34. Qd3+ Kg8 35. c5 bxc5 36. bxc5 Qb2+ 37. Kh3 Qc1 38. Qb5 Kh7 39. c6 e5 40. Qxe5 Qxc6 1/2-1/2